'The' Movies of the Last 25 Years Quiz Stats

 Plays Quiz Updated Feb 12, 2019

Score 0/25 Timer 08:00
1 Play Today
% Correct
The Jungle Book
97.9%
The Lego Movie
95.5%
The Simpsons Movie
92.9%
The Martian
92.4%
The Hangover
91.5%
The Dark Knight
90.5%
The Mask
90.3%
The Matrix
88.8%
The Devil Wears Prada
87.7%
The Social Network
82%
The Ring
79.3%
The Help
79.3%
The Big Lebowski
77.7%
% Correct
The Amazing Spider-Man
75.9%
The Nutty Professor
75.6%
The Passion of the Christ
73.3%
The Great Gatsby
72.4%
The Last Samurai
72.1%
The Emperor's New Groove
71.2%
The Lord of the Rings: The Fellowship of the Ring
70.7%
The Shape of Water
65.3%
The Usual Suspects
59.6%
The Longest Yard
58.7%
The Fifth Element
56.7%
The House with a Clock in Its Walls
32.9%

You're not logged in!

Compare scores with friends on all Sporcle quizzes.
OR
Log In

Sporcle TV

Today on Sporcle TV


Watch our educational content, quiz creation guides, and fun videos on Sporcle TV.

Show Comments

Extras

Top Quizzes Today


Score Distribution

Your Account Isn't Verified!

In order to create a playlist on Sporcle, you need to verify the email address you used during registration. Go to your Sporcle Settings to finish the process.

Report this User

Report this user for behavior that violates our Community Guidelines.

Details: